| 000 | 00421nam a22001697a 4500 | ||
|---|---|---|---|
| 003 | NUST - PNEC | ||
| 005 | 20170116180900.0 | ||
| 008 | 150901b xxu||||| |||| 00| 0 eng d | ||
| 020 | _a0070424179 | ||
| 040 | _cLIBRARY | ||
| 082 | _a620.106 MIR | ||
| 100 |
_96229 _aMironer, Alan |
||
| 245 |
_aEngineering fluid mechanics _cAlan,Mironer |
||
| 260 | _cc1979. | ||
| 650 |
_96231 _aFluid mechanics _xME |
||
| 942 |
_2ddc _cBK |
||
| 999 |
_c64921 _d64921 |
||